Matrix analysis / (Record no. 182301)
[ view plain ]
| 000 -LEADER | |
|---|---|
| fixed length control field | 01010 a2200217 4500 |
| 003 - CONTROL NUMBER IDENTIFIER | |
| control field | NUST |
| 005 - DATE AND TIME OF LATEST TRANSACTION | |
| control field | 20221116125840.0 |
| 010 ## - LIBRARY OF CONGRESS CONTROL NUMBER | |
| LC control number | 94045255 |
| 020 ## - INTERNATIONAL STANDARD BOOK NUMBER | |
| International Standard Book Number | 8181282299 |
| 040 ## - CATALOGING SOURCE | |
| Transcribing agency | Nust |
| 082 00 - DEWEY DECIMAL CLASSIFICATION NUMBER | |
| Classification number | 512.94,BHA |
| 100 1# - MAIN ENTRY--PERSONAL NAME | |
| Personal name | Bhatia, Rajendra |
| 9 (RLIN) | 102680 |
| 245 10 - TITLE STATEMENT | |
| Title | Matrix analysis / |
| Statement of responsibility, etc. | Rajendra Bhatia |
| 260 ## - PUBLICATION, DISTRIBUTION, ETC. | |
| Place of publication, distribution, etc. | New York |
| Name of publisher, distributor, etc. | Springer |
| Date of publication, distribution, etc. | 2004 |
| 300 ## - PHYSICAL DESCRIPTION | |
| Extent | xx, 347p. : |
| Other physical details | ill. ; |
| Dimensions | 23 cm. |
| 440 #0 - SERIES STATEMENT/ADDED ENTRY--TITLE | |
| Title | Classics in applied mathematics ; |
| Volume/sequential designation | 12 |
| 9 (RLIN) | 102681 |
| 505 ## - FORMATTED CONTENTS NOTE | |
| Formatted contents note | A Review of linear Algebra (Page-1), Memorization and Doubly Stochastic Matrices (Page-28), Variation Principles for Eigen values (Page-57), Symmetric Norms (Page-84), Operator Monotone and Operator Convex Functions (Page-112), Spectral Variation of Normal Matrices(Page-152), Perturbations of Spectral Sub spaces of Normal Matrices (Page-194), A Selection of Matrix Inequalities (Page-253), Perturbation of Matrix Functions (Page-289). |
| 650 #0 - SUBJECT ADDED ENTRY--TOPICAL TERM | |
| Topical term or geographic name entry element | Mathematical analysis. |
| 650 #0 - SUBJECT ADDED ENTRY--TOPICAL TERM | |
| Topical term or geographic name entry element | Matrices. |
| 9 (RLIN) | 2986 |
| 942 ## - ADDED ENTRY ELEMENTS (KOHA) | |
| Source of classification or shelving scheme | |
| Koha item type | Book |
| Call number prefix | 512.94,BHA |
| Withdrawn status | Lost status | Source of classification or shelving scheme | Damaged status | Not for loan | Permanent Location | Current Location | Shelving location | Date acquired | Full call number | Barcode | Date last seen | Price effective from | Koha item type | Public note |
|---|---|---|---|---|---|---|---|---|---|---|---|---|---|---|
| Military College of Signals (MCS) | Military College of Signals (MCS) | General Stacks | 12/12/2016 | 512.94,BHA | MCS31782 | 12/08/2016 | 12/12/2016 | Book | Almirah No.11, Shelf No.5 |
